Stadte und Bauten der Westgriechen : von der Kolonisationszeit bis zur Krise um 400 vor Christus

Saved in:
Bibliographic Details
Main Author: Mertens, Dieter Dr
Other Authors: Schutzenberger, Margareta (Designer)
Format: Book
Language:German
Published: Munchen : Hirmer, 2006
Subjects:
Tags: Add Tag
No Tags, Be the first to tag this record!

MARC

LEADER 00000nam a2200000 i 4500
001 1/78655
008 080326s2006 ger d
020 |a 3-7774-2755-1 
035 |l 10095779 
040 |a GR-MY-UA  |b gre  |e aacr 
041 0 |a ger 
082 0 |a 722  |2 (22) 
100 1 |a Mertens, Dieter  |c Dr. 
245 1 0 |a Stadte und Bauten der Westgriechen :  |b von der Kolonisationszeit bis zur Krise um 400 vor Christus /  |c Dieter Mertens ; zeichnungen von Margareta Schutzenberger 
260 |a Munchen :   |b Hirmer,   |c 2006 
300 |a 463 σ.;  |b εικ. (μερ. έγχρ.), χάρτες;  |c 30 εκ. 
504 |a Περιέχει βιβλιογραφικές παραπομπές (σ. 442-458) και ευρετήριο 
650 0 0 |a Architecture, Greek  |z Italy  |z Magna Graecia. 
650 0 0 |a Excavations (Archaeology)  |z Italy  |z Magna Graecia. 
650 0 0 |a Greeks  |z Italy  |z Magna Graecia  |x History. 
650 0 0 |a Cities and towns, Ancient  |z Italy  |z Magna Graecia. 
651 0 |a Greece  |x Colonies. 
700 1 |a Schutzenberger, Margareta.  |4 dsr 
852 |a INST  |b LESVOS  |e 20080326  |h 722 MER  |p 005100038720  |q 005100038720  |t BK  |y 0 
901 |a BIBL1-2008-1 
909 |a Λ  |b 143182 
922 |a 1ΕΛΗ  |b 200712  |c ΕΠΕΑΕΚ2/ΤΚΑ  |d ΠΑΠΑΣΩΤΗΡΙΟΥ 
970 |a ΓΙΑΛΑΜΑ  |b ΜΑΡΙΑ  |z 2008/03/26